| 000 | 00379pab a2200157 454500 | ||
|---|---|---|---|
| 008 | 180718b1997 xxu||||| |||| 00| 0 eng d | ||
| 100 | _aSingh, Sampat P. | ||
| 245 | _aThree models of management education | ||
| 260 | _c1997 | ||
| 300 | _ap.49-52 | ||
| 362 | _aApr-Jun | ||
| 650 | _aEducation - India | ||
| 650 | _aManagement education | ||
| 773 | _aVikalpa | ||
| 909 | _a34696 | ||
| 999 |
_c34696 _d34696 |
||